[Event "ITA-chT GpB 54th"]
[Site "Bacoli"]
[Date "2023.04.28"]
[Round "5"]
[White "Barp, Alberto"]
[Black "Manca, Federico"]
[Result "1-0"]
[WhiteElo "2432"]
[BlackElo "2339"]
[PlyCount "93"]
[EventDate "2023.04.25"]
[EventType "team-tourn"]
[EventRounds "7"]
[EventCountry "ITA"]
[SourceTitle "CBM 213 Extra"]
[Source "ChessBase"]
[SourceDate "2023.05.31"]
[SourceVersion "1"]
[SourceVersionDate "2023.05.31"]
[SourceQuality "1"]
[WhiteTeam "Arrocco"]
[BlackTeam "Le Due Torri Volvo"]
[WhiteTeamCountry "ITA"]
[BlackTeamCountry "ITA"]

1. d4 Nf6 2. c4 c5 3. d5 b5 4. cxb5 a6 5. bxa6 Bxa6 6. Nc3 g6 7. e4 Bxf1 8. Kxf1 d6 9. Nf3 Bg7 10. g3 0-0 11. Kg2 Nbd7 12. a4 Ra6 13. Ra3 Qa8 14. Re1 Rb8 15. Nb5 Rb7 16. Qc2 Ne8 17. Bd2 Nb6 18. Nc3 Bxc3 19. Bxc3 Nxa4 20. Rea1 Rba7 21. Bd2 Nc7 22. b4 Nb5 23. R3a2 cxb4 24. Bxb4 Nc5 25. Rxa6 Nxa6 26. Bd2 Nc5 27. Rxa7 Qxa7 28. Be3 Qa4 29. Qxa4 Nxa4 30. Nd4 Nac3 31. Kf3 Nxd4+ 32. Bxd4 Nb5 33. Ke3 f5 34. Bb6 fxe4 35. Kxe4 Nc3+ 36. Kd4 Na4 37. Ba7 Kf7 38. Kc4 Kf6 39. Kb4 Nc5 40. Bxc5 dxc5+ 41. Kxc5 Ke5 42. Kc6 Kf6 43. Kd7 Kf7 44. h4 Kf8 45. Ke6 Ke8 46. g4 Kf8 47. f4 1-0

[Event "EU-ch 22nd"]
[Site "Terme Catez"]
[Date "2022.04.04"]
[Round "9"]
[White "Redzisz, Michal"]
[Black "Manca, Federico"]
[Result "1-0"]
[WhiteElo "2223"]
[BlackElo "2370"]
[PlyCount "129"]
[EventDate "2022.03.27"]
[EventType "swiss"]
[EventRounds "11"]
[EventCountry "SLO"]
[SourceTitle "CBM 208"]
[Source "ChessBase"]
[SourceDate "2022.06.30"]
[SourceVersion "1"]
[SourceVersionDate "2022.06.30"]
[SourceQuality "1"]

1. d4 d5 2. c4 e6 3. Nf3 c5 4. cxd5 exd5 5. g3 Nc6 6. Bg2 Nf6 7. 0-0 cxd4 8. Nxd4 Be7 9. Nc3 0-0 10. Be3 Re8 11. h3 h6 12. Rc1 Bf8 13. Qd2 Ne5 14. b3 Bb4 15. Qb2 Nc6 16. Rcd1 Rxe3 17. fxe3 Qe7 18. Kh2 Qe5 19. Rxf6 Bxc3 20. Qxc3 Qxf6 21. Nb5 Qe7 22. Rxd5 Be6 23. Rc5 Rd8 24. Nd4 Nxd4 25. exd4 b6 26. Rc7 Qf6 27. d5 Bxd5 28. Qxf6 gxf6 29. Rxa7 Be6 30. Bf3 Rd2 31. Kg2 Bf5 32. Ra6 b5 33. Rxf6 Be6 34. a4 bxa4 35. bxa4 Ra2 36. Rxh6 Rxa4 37. Rf6 Kg7 38. Rf4 Ra2 39. g4 Rb2 40. Kg3 Rb1 41. Rd4 Rb5 42. Kf4 Rc5 43. h4 Rc4 44. Rxc4 Bxc4 45. g5 f6 46. Kf5 fxg5 47. hxg5 Bb3 48. Bh5 Bd1 49. Ke5 Bc2 50. e3 Bd3 51. Bf3 Kf7 52. Be4 Be2 53. Bf5 Bf1 54. Kf4 Be2 55. Bc2 Bf1 56. Bf5 Be2 57. e4 Bd1 58. Bd7 Ke7 59. Bg4 Bb3 60. Ke5 Kf7 61. Bh5+ Ke7 62. g6 Bc4 63. g7 Be6 64. Bg6 Bg8 65. Bf5 1-0

[Event "EU-ch 22nd"]
[Site "Terme Catez"]
[Date "2022.04.01"]
[Round "6"]
[White "Manca, Federico"]
[Black "Mitev, Valentin"]
[Result "1/2-1/2"]
[WhiteElo "2370"]
[BlackElo "2255"]
[PlyCount "73"]
[EventDate "2022.03.27"]
[EventType "swiss"]
[EventRounds "11"]
[EventCountry "SLO"]
[SourceTitle "CBM 208"]
[Source "ChessBase"]
[SourceDate "2022.06.30"]
[SourceVersion "1"]
[SourceVersionDate "2022.06.30"]
[SourceQuality "1"]

1. e4 c5 2. c3 d5 3. exd5 Qxd5 4. d4 Nf6 5. Nf3 e6 6. Be3 cxd4 7. cxd4 Bb4+ 8. Nc3 Bd7 9. a3 Bxc3+ 10. bxc3 0-0 11. c4 Qa5+ 12. Bd2 Qa4 13. Ne5 Qxd1+ 14. Rxd1 Ba4 15. Rb1 Nc6 16. Nxc6 Bxc6 17. f3 Nd7 18. Kf2 b6 19. Be2 e5 20. dxe5 Nxe5 21. Be3 Rfc8 22. Rhd1 Nd7 23. Rd6 Nf8 24. c5 bxc5 25. Bxc5 Ne6 26. Be3 a6 27. Rc1 Bb5 28. Rxc8+ Rxc8 29. Bxb5 axb5 30. Rb6 Rc2+ 31. Kg3 h6 32. Rxb5 Rc3 33. Kf2 Rxa3 34. f4 Ra2+ 35. Kf3 Ra3 36. Kf2 Ra2+ 37. Kf3 1/2-1/2

[Event "ITA-chT Final 52nd"]
[Site "Montesilvano"]
[Date "2021.09.26"]
[Round "3.3"]
[White "Carnicelli, Valerio"]
[Black "Manca, Federico"]
[Result "1-0"]
[WhiteElo "2278"]
[BlackElo "2395"]
[PlyCount "75"]
[EventDate "2021.09.25"]
[EventType "team-tourn"]
[EventRounds "3"]
[EventCountry "ITA"]
[SourceTitle "CBM 204 Extra"]
[Source "ChessBase"]
[SourceDate "2021.11.30"]
[SourceVersion "1"]
[SourceVersionDate "2021.11.30"]
[SourceQuality "1"]
[WhiteTeam "Rome Arrocco"]
[BlackTeam "Marostica Pizzato Elettrica"]
[WhiteTeamCountry "ITA"]
[BlackTeamCountry "ITA"]

1. e4 e5 2. Nf3 Nc6 3. Bc4 Nf6 4. Ng5 d5 5. exd5 Na5 6. Bb5+ c6 7. dxc6 bxc6 8. Bd3 Nd5 9. Nf3 Bd6 10. 0-0 0-0 11. Re1 Re8 12. Nc3 Nf4 13. Bf1 c5 14. d3 Nc6 15. Ne4 Bg4 16. h3 Bh5 17. g4 Bg6 18. Nxd6 Qxd6 19. Nxe5 Nxh3+ 20. Bxh3 Rxe5 21. Rxe5 Qxe5 22. Bg2 Rc8 23. c3 Qd6 24. Be3 Rd8 25. Qf3 Ne5 26. Qg3 Nxd3 27. Qxd6 Rxd6 28. Rd1 c4 29. b3 cxb3 30. axb3 h5 31. gxh5 Bxh5 32. Rd2 a6 33. c4 Bg6 34. c5 Rd8 35. c6 Rc8 36. Bb6 Kh7 37. c7 Re8 38. Bc6 1-0

[Event "ITA-chTA 52nd"]
[Site "Montesilvano"]
[Date "2021.09.21"]
[Round "3.4"]
[White "Barp, Alberto"]
[Black "Manca, Federico"]
[Result "1-0"]
[WhiteElo "2372"]
[BlackElo "2395"]
[PlyCount "57"]
[EventDate "2021.09.20"]
[EventType "team-tourn"]
[EventRounds "7"]
[EventCountry "ITA"]
[SourceTitle "CBM 204 Extra"]
[Source "ChessBase"]
[SourceDate "2021.11.30"]
[SourceVersion "1"]
[SourceVersionDate "2021.11.30"]
[SourceQuality "1"]
[WhiteTeam "WorldtradingLab"]
[BlackTeam "Marostica Pizzato Elettrica"]
[WhiteTeamCountry "ITA"]
[BlackTeamCountry "ITA"]

1. d4 Nf6 2. c4 e6 3. Nf3 Bb4+ 4. Bd2 Qe7 5. g3 Nc6 6. e3 Bxd2+ 7. Qxd2 d6 8. Nc3 e5 9. Bg2 0-0 10. 0-0 Re8 11. Nd5 Qd8 12. dxe5 dxe5 13. Rad1 e4 14. Ng5 Bf5 15. Qc3 Nxd5 16. cxd5 Nb8 17. f4 exf3 18. Nxf7 Qe7 19. Rxf3 Qxf7 20. Rdf1 Nd7 21. Rxf5 Nf6 22. e4 Qd7 23. e5 Nxd5 24. e6 Nxc3 25. exd7 Ne2+ 26. Kh1 Red8 27. Bd5+ Kh8 28. Bxb7 Rab8 29. Bc8 1-0

[Event "ITA-chT T9 51st"]
[Site "Brixen Bressanone"]
[Date "2019.05.01"]
[Round "1.2"]
[White "Stella, Andrea"]
[Black "Manca, Federico"]
[Result "1-0"]
[WhiteElo "2511"]
[BlackElo "2404"]
[PlyCount "79"]
[EventDate "2019.05.01"]
[EventType "team-match"]
[EventRounds "1"]
[EventCountry "ITA"]
[SourceTitle "CBM 190 Extra"]
[Source "ChessBase"]
[SourceDate "2019.07.15"]
[SourceVersion "1"]
[SourceVersionDate "2019.07.15"]
[SourceQuality "1"]
[WhiteTeam "Modena WorldtradingLab"]
[BlackTeam "Marostica Pizzato Elettrica"]
[WhiteTeamCountry "ITA"]
[BlackTeamCountry "ITA"]

1. d4 Nf6 2. c4 c5 3. d5 e5 4. Nc3 d6 5. e4 Be7 6. Bd3 Nbd7 7. Nge2 Nf8 8. Ng3 g6 9. a3 h5 10. h3 h4 11. Nge2 Nh5 12. b4 Nd7 13. Bc2 a5 14. Rb1 axb4 15. axb4 b6 16. Ba4 Kf8 17. Bc6 Ra6 18. 0-0 Bg5 19. Bxd7 Bxd7 20. bxc5 bxc5 21. f4 exf4 22. Nxf4 Nxf4 23. Bxf4 Bxf4 24. Rxf4 Kg7 25. Qd2 Qe7 26. Rbf1 Be8 27. Nb5 Rh5 28. Qf2 Re5 29. Rxh4 g5 30. Rg4 Bd7 31. Rg3 f6 32. Rf3 f5 33. exf5 Kf6 34. Nc3 Rb6 35. Qg3 Qh7 36. Re3 Qh4 37. Qxh4 gxh4 38. Ne4+ Ke7 39. f6+ Kf8 40. Nxc5 1-0

[Event "ITA-chTA 51st"]
[Site "Brixen Bressanone"]
[Date "2019.04.29"]
[Round "7.4"]
[White "Loiacono, Leonardo"]
[Black "Manca, Federico"]
[Result "1/2-1/2"]
[WhiteElo "2263"]
[BlackElo "2404"]
[PlyCount "72"]
[EventDate "2019.04.26"]
[EventType "team-swiss"]
[EventRounds "7"]
[EventCountry "ITA"]
[SourceTitle "CBM 190 Extra"]
[Source "ChessBase"]
[SourceDate "2019.07.15"]
[SourceVersion "1"]
[SourceVersionDate "2019.07.15"]
[SourceQuality "1"]
[WhiteTeam "Montebelluna Master"]
[BlackTeam "Marostica Pizzato Elettrica"]
[WhiteTeamCountry "ITA"]
[BlackTeamCountry "ITA"]

1. d4 Nf6 2. c4 c5 3. d5 b5 4. cxb5 a6 5. b6 Qxb6 6. Nc3 g6 7. Nf3 d6 8. e4 Nbd7 9. Be2 Bg7 10. 0-0 0-0 11. Nd2 Rb8 12. Nc4 Qc7 13. Qc2 Nb6 14. Ne3 e6 15. dxe6 Bxe6 16. Rd1 c4 17. a4 Nbd7 18. Ncd5 Bxd5 19. exd5 c3 20. bxc3 Nc5 21. Ra3 Rfe8 22. Nc4 Re4 23. Be3 h5 24. h3 Kh7 25. Bf1 Rbe8 26. Nd2 Rxe3 27. fxe3 Rxe3 28. Nc4 Re8 29. g3 Nfe4 30. Kg2 h4 31. g4 Qe7 32. Kg1 Qf6 33. Bg2 Ng3 34. Qf2 Ne2+ 35. Kf1 Nf4 36. Ra2 Ncd3 1/2-1/2

[Event "ITA-chTA 51st"]
[Site "Brixen Bressanone"]
[Date "2019.04.29"]
[Round "6.2"]
[White "Manca, Federico"]
[Black "Brunello, Sabino"]
[Result "0-1"]
[WhiteElo "2404"]
[BlackElo "2534"]
[PlyCount "46"]
[EventDate "2019.04.26"]
[EventType "team-swiss"]
[EventRounds "7"]
[EventCountry "ITA"]
[SourceTitle "CBM 190 Extra"]
[Source "ChessBase"]
[SourceDate "2019.07.15"]
[SourceVersion "1"]
[SourceVersionDate "2019.07.15"]
[SourceQuality "1"]
[WhiteTeam "Marostica Pizzato Elettrica"]
[BlackTeam "Padova Obiettivo"]
[WhiteTeamCountry "ITA"]
[BlackTeamCountry "ITA"]

1. e4 e5 2. Nf3 Nc6 3. d4 exd4 4. Bc4 Bc5 5. c3 Nf6 6. cxd4 Bb4+ 7. Nbd2 d5 8. exd5 Nxd5 9. 0-0 0-0 10. a3 Be7 11. Re1 Be6 12. Bf1 Re8 13. h3 Bf8 14. Ne4 Bf5 15. Nc3 Rxe1 16. Qxe1 Qd6 17. Bc4 Nb6 18. Ba2 Nxd4 19. Nxd4 Qxd4 20. Bg5 Qd6 21. Rd1 Qc6 22. Qe5 Bg6 23. Nb5 Re8 0-1

[Event "ITA-chTA 51st"]
[Site "Brixen Bressanone"]
[Date "2019.04.28"]
[Round "5.1"]
[White "Favaloro, Andrea"]
[Black "Manca, Federico"]
[Result "1/2-1/2"]
[WhiteElo "2367"]
[BlackElo "2404"]
[PlyCount "68"]
[EventDate "2019.04.26"]
[EventType "team-swiss"]
[EventRounds "7"]
[EventCountry "ITA"]
[SourceTitle "CBM 190 Extra"]
[Source "ChessBase"]
[SourceDate "2019.07.15"]
[SourceVersion "1"]
[SourceVersionDate "2019.07.15"]
[SourceQuality "1"]
[WhiteTeam "Informatica Commerciale"]
[BlackTeam "Marostica Pizzato Elettrica"]
[WhiteTeamCountry "ITA"]
[BlackTeamCountry "ITA"]

1. Nf3 Nf6 2. g3 g6 3. Bg2 Bg7 4. d4 0-0 5. c4 c5 6. Nc3 cxd4 7. Nxd4 Nc6 8. 0-0 Nxd4 9. Qxd4 d6 10. Qd3 Nd7 11. b3 Nc5 12. Qd2 Bd7 13. Bb2 Bc6 14. Nd5 Bxb2 15. Qxb2 a5 16. Qd4 Bxd5 17. Bxd5 Qb6 18. Rab1 Qb4 19. Qa1 Rfc8 20. a3 Qb6 21. Qd4 Rc7 22. Rfc1 Nd7 23. Qd2 Nf6 24. Bf3 Rac8 25. e3 a4 26. bxa4 Qa7 27. a5 Nd7 28. Rb5 Nc5 29. Rcb1 Ra8 30. Qb4 Rb8 31. Bg2 Nd3 32. Qb3 Nc5 33. Qb4 Nd3 34. Qb3 Nc5 1/2-1/2

[Event "ITA-chTA 51st"]
[Site "Brixen Bressanone"]
[Date "2019.04.27"]
[Round "3.2"]
[White "Podetti, Davide"]
[Black "Manca, Federico"]
[Result "1/2-1/2"]
[WhiteElo "2163"]
[BlackElo "2404"]
[PlyCount "169"]
[EventDate "2019.04.26"]
[EventType "team-swiss"]
[EventRounds "7"]
[EventCountry "ITA"]
[SourceTitle "CBM 190 Extra"]
[Source "ChessBase"]
[SourceDate "2019.07.15"]
[SourceVersion "1"]
[SourceVersionDate "2019.07.15"]
[SourceQuality "1"]
[WhiteTeam "Cerianese Scacchistica"]
[BlackTeam "Marostica Pizzato Elettrica"]
[WhiteTeamCountry "ITA"]
[BlackTeamCountry "ITA"]

1. e4 e5 2. Nf3 Nc6 3. Bb5 a6 4. Ba4 Nf6 5. 0-0 Be7 6. Re1 b5 7. Bb3 d6 8. c3 0-0 9. h3 Na5 10. Bc2 c5 11. d4 Qc7 12. d5 Bd7 13. b3 Nb7 14. Nbd2 g6 15. Nf1 Nh5 16. Bh6 Ng7 17. a4 Rfb8 18. axb5 axb5 19. Qd2 f6 20. N3h2 Nd8 21. Ng3 Nf7 22. Be3 Qc8 23. f4 Rxa1 24. Rxa1 exf4 25. Bxf4 Ra8 26. Rxa8 Qxa8 27. Nf3 Ne5 28. Nxe5 fxe5 29. Be3 h5 30. Nf1 Qa1 31. Bd3 h4 32. Qc1 Qxc1 33. Bxc1 Nh5 34. Kf2 Nf4 35. Bxf4 exf4 36. e5 dxe5 37. Bxg6 Kg7 38. Bb1 Be8 39. Nd2 Bd8 40. c4 Kf6 41. Ne4+ Ke7 42. Bd3 bxc4 43. bxc4 Bg6 44. Nxc5 Bb6 45. Bxg6 Bxc5+ 46. Kf3 Kd6 47. Kg4 Bf2 48. Be4 Kc5 49. Kf5 Kd6 50. Bf3 Bb6 51. Kg5 Bd8+ 52. Kg4 Be7 53. Kf5 Bd8 54. c5+ Kxc5 55. Kxe5 Bc7+ 56. Kf5 Ba5 57. Ke6 Bc7 58. Bg4 Bd6 59. Bh5 Bc7 60. Bf3 Bd6 61. Kf5 Bc7 62. Kg5 Bd8+ 63. Kg4 Kd6 64. Kxf4 Be7 65. Kg4 Bd8 66. g3 hxg3 67. h4 Ke7 68. Kf5 Kf7 69. h5 Kg7 70. d6 Bh4 71. Kg4 Bd8 72. Kxg3 Bg5 73. Kg4 Bd8 74. Kf5 Bh4 75. Ke6 Bg5 76. Kd7 Bh4 77. Ke8 Bg5 78. d7 Bh4 79. Be4 Bg5 80. Bg6 Bh4 81. d8Q Bxd8 82. Kxd8 Kh8 83. Ke8 Kg7 84. Ke7 Kh8 85. Kf8 1/2-1/2

[Event "Palmanova op 6th"]
[Site "Palmanova"]
[Date "2017.12.10"]
[Round "6"]
[White "Manca, Federico"]
[Black "Solomon, Kenny"]
[Result "1-0"]
[WhiteElo "2414"]
[BlackElo "2412"]
[PlyCount "57"]
[EventDate "2017.12.07"]
[EventType "swiss"]
[EventRounds "6"]
[EventCountry "ITA"]
[SourceTitle "CBM 182 Extra"]
[Source "ChessBase"]
[SourceDate "2018.02.23"]
[SourceVersion "1"]
[SourceVersionDate "2018.02.23"]
[SourceQuality "1"]

1. e4 e5 2. Nf3 Nc6 3. Bc4 Bc5 4. c3 Nf6 5. d4 exd4 6. cxd4 Bb4+ 7. Nbd2 Bc5 8. Nb1 Bb4+ 9. Nbd2 Nxe4 10. d5 Ne7 11. 0-0 Nxd2 12. Bxd2 Bxd2 13. d6 cxd6 14. Qxd2 d5 15. Bxd5 0-0 16. Bb3 d5 17. Rfe1 Qd6 18. Re3 Be6 19. Nd4 Bd7 20. Rae1 Ng6 21. g3 b6 22. h4 Rfe8 23. Nf5 Qf6 24. Qxd5 Be6 25. Rxe6 fxe6 26. Rxe6 Rxe6 27. Qxa8+ Nf8 28. Nd4 Kf7 29. Qxa7+ 1-0

[Event "Palmanova op 6th"]
[Site "Palmanova"]
[Date "2017.12.08"]
[Round "3"]
[White "Fercec, Nenad"]
[Black "Manca, Federico"]
[Result "1/2-1/2"]
[WhiteElo "2451"]
[BlackElo "2414"]
[PlyCount "66"]
[EventDate "2017.12.07"]
[EventType "swiss"]
[EventRounds "6"]
[EventCountry "ITA"]
[SourceTitle "CBM 182 Extra"]
[Source "ChessBase"]
[SourceDate "2018.02.23"]
[SourceVersion "1"]
[SourceVersionDate "2018.02.23"]
[SourceQuality "1"]

1. e4 e5 2. Nf3 Nc6 3. Bb5 a6 4. Ba4 Nf6 5. d3 b5 6. Bb3 Be7 7. a4 b4 8. a5 d6 9. Nbd2 0-0 10. h3 h6 11. 0-0 Re8 12. Nc4 Bf8 13. Ba4 Bd7 14. Bd2 Rb8 15. Ne3 Ne7 16. Bb3 Be6 17. Bc4 Bxc4 18. Nxc4 c5 19. Nh4 d5 20. exd5 Qxd5 21. b3 Nc6 22. Re1 Rbd8 23. Nb6 Qe6 24. Nc4 e4 25. dxe4 Nxe4 26. f3 Qf6 27. Rxe4 Rxe4 28. fxe4 Qxh4 29. Qf3 Nd4 30. Qd3 Ne6 31. Qf3 Nd4 32. Qd3 Ne6 33. Qf3 Nd4 1/2-1/2

[Event "Budapest FS06 GM"]
[Site "Budapest"]
[Date "2017.06.11"]
[Round "9"]
[White "Manca, Federico"]
[Black "Li, Bo"]
[Result "1-0"]
[WhiteElo "2397"]
[BlackElo "2383"]
[PlyCount "79"]
[EventDate "2017.06.03"]
[EventType "tourn"]
[EventRounds "9"]
[EventCountry "HUN"]
[EventCategory "7"]
[SourceTitle "CBM 178 Extra"]
[Source "ChessBase"]
[SourceDate "2017.06.22"]
[SourceVersion "1"]
[SourceVersionDate "2017.06.22"]
[SourceQuality "1"]

1. e4 c5 2. c3 Nf6 3. e5 Nd5 4. d4 cxd4 5. Nf3 Nc6 6. Bc4 Nb6 7. Bb3 d5 8. exd6 Qxd6 9. 0-0 Be6 10. Na3 Bxb3 11. Qxb3 Qd5 12. Nb5 Rc8 13. Nfxd4 Nxd4 14. Nxd4 e6 15. Rd1 Qxb3 16. axb3 a6 17. b4 Nd5 18. b5 Nc7 19. Bf4 Nxb5 20. Nxb5 axb5 21. Ra7 b6 22. Rdd7 b4 23. Rxf7 bxc3 24. bxc3 Rxc3 25. Rfb7 Rc8 26. Rxb6 Bc5 27. Rxe6+ Kf8 28. Rd7 h5 29. h4 Kg8 30. Rg6 Bf8 31. g3 Rh7 32. Rg5 Rc6 33. Rd8 Kf7 34. Rb5 Re6 35. Rb7+ Re7 36. Rxf8+ Kxf8 37. Bd6 g6 38. Rb8+ Kf7 39. Bxe7 Kxe7 40. Rb7+ 1-0

[Event "Budapest FS06 GM"]
[Site "Budapest"]
[Date "2017.06.05"]
[Round "3"]
[White "Manca, Federico"]
[Black "Cuhendi, Sean Winshand"]
[Result "0-1"]
[WhiteElo "2397"]
[BlackElo "2406"]
[PlyCount "80"]
[EventDate "2017.06.03"]
[EventType "tourn"]
[EventRounds "9"]
[EventCountry "HUN"]
[EventCategory "7"]
[SourceTitle "CBM 178 Extra"]
[Source "ChessBase"]
[SourceDate "2017.06.22"]
[SourceVersion "1"]
[SourceVersionDate "2017.06.22"]
[SourceQuality "1"]

1. e4 e5 2. Nf3 Nc6 3. Bb5 a6 4. Ba4 d6 5. c3 f5 6. exf5 Bxf5 7. d4 e4 8. d5 exf3 9. dxc6 b5 10. Bc2 fxg2 11. Rg1 Qe7+ 12. Be3 Nh6 13. Rxg2 g6 14. a4 Rb8 15. axb5 axb5 16. Nd2 Bg7 17. Bxf5 Nxf5 18. Qb3 Bh6 19. 0-0-0 Bxe3 20. fxe3 Qf7 21. Qxf7+ Kxf7 22. Rf1 Ke6 23. Rg5 Ne7 24. h4 Nxc6 25. h5 Ne5 26. hxg6 hxg6 27. Nf3 Rhf8 28. Nd4+ Kd5 29. Rd1 Ke4 30. Nc2 c5 31. Rg2 Rf6 32. Rh2 g5 33. Rh7 g4 34. Rg7 Rbf8 35. Na3 Rf1 36. Rxf1 Rxf1+ 37. Kc2 Kf3 38. Nb1 Rxb1 39. Kxb1 g3 40. Kc2 g2 0-1

[Event "Bratto op 36th"]
[Site "Bratto"]
[Date "2016.08.28"]
[Round "9"]
[White "Manca, Federico"]
[Black "David, Alberto"]
[Result "0-1"]
[WhiteElo "2396"]
[BlackElo "2561"]
[PlyCount "62"]
[EventDate "2016.08.20"]
[EventType "swiss"]
[EventRounds "9"]
[EventCountry "ITA"]
[SourceTitle "CBM 174 Extra"]
[Source "ChessBase"]
[SourceDate "2016.10.10"]
[SourceVersion "1"]
[SourceVersionDate "2016.10.10"]
[SourceQuality "1"]

1. e4 c5 2. Nf3 e6 3. d4 cxd4 4. Nxd4 a6 5. Nc3 Qc7 6. g3 Bb4 7. Nde2 Be7 8. g4 b5 9. Ng3 Bb7 10. Bg2 b4 11. Nce2 h6 12. Nh5 g6 13. Nhg3 Nf6 14. h3 d5 15. exd5 Bxd5 16. Bxd5 Nxd5 17. 0-0 Nc6 18. Qd3 h5 19. c4 Ne5 20. Qe4 f5 21. gxf5 gxf5 22. Nxf5 exf5 23. Qxd5 Rd8 24. Qg2 Kf7 25. Bf4 Rhg8 26. Bg3 h4 27. Rae1 Qxc4 28. Kh1 Nd3 29. Rd1 hxg3 30. fxg3 Kg7 31. Kh2 Qe4 0-1

[Event "Bratto op 36th"]
[Site "Bratto"]
[Date "2016.08.20"]
[Round "1"]
[White "Manca, Federico"]
[Black "Valenti, Giuseppe"]
[Result "1/2-1/2"]
[WhiteElo "2396"]
[BlackElo "2106"]
[PlyCount "62"]
[EventDate "2016.08.20"]
[EventType "swiss"]
[EventRounds "9"]
[EventCountry "ITA"]
[SourceTitle "CBM 174 Extra"]
[Source "ChessBase"]
[SourceDate "2016.10.10"]
[SourceVersion "1"]
[SourceVersionDate "2016.10.10"]
[SourceQuality "1"]

1. e4 c5 2. Nf3 e6 3. c3 Nf6 4. e5 Nd5 5. d4 cxd4 6. cxd4 d6 7. Bc4 Nb6 8. Bd3 Nc6 9. 0-0 dxe5 10. dxe5 Nd7 11. Bb5 Qc7 12. Re1 Be7 13. Nc3 0-0 14. Qe2 a6 15. Bd3 Nc5 16. Bb1 Rd8 17. Ng5 g6 18. Qf3 Bf8 19. Nce4 Nxe4 20. Nxe4 Bg7 21. Nf6+ Kh8 22. Qh3 Bxf6 23. exf6 Qe5 24. Qc3 Qxc3 25. bxc3 e5 26. Be4 Be6 27. Bxc6 bxc6 28. Bh6 Rd3 29. Re3 Rxe3 30. Bxe3 Rb8 31. h3 Bf5 1/2-1/2

[Event "Nova Gorica op 21st"]
[Site "Nova Gorica"]
[Date "2016.02.04"]
[Round "9"]
[White "Lerch, Philipp"]
[Black "Manca, Federico"]
[Result "1/2-1/2"]
[WhiteElo "2310"]
[BlackElo "2402"]
[PlyCount "57"]
[EventDate "2016.01.29"]
[EventType "swiss"]
[EventRounds "9"]
[EventCountry "SLO"]
[SourceTitle "CBM 170 Extra"]
[Source "ChessBase"]
[SourceDate "2016.02.25"]
[SourceVersion "1"]
[SourceVersionDate "2016.02.25"]
[SourceQuality "1"]

1. Nf3 Nf6 2. g3 d5 3. Bg2 e6 4. 0-0 Be7 5. d3 Nc6 6. Nbd2 e5 7. e4 dxe4 8. Nxe4 Nxe4 9. dxe4 Qxd1 10. Rxd1 f6 11. Be3 Be6 12. Bf1 Kf7 13. a3 a5 14. Bb5 a4 15. Ne1 Ra5 16. Bxc6 bxc6 17. Bd2 Rb5 18. Bc3 h5 19. h4 g5 20. Ng2 Rg8 21. Kh2 f5 22. exf5 Bxf5 23. Re1 e4 24. hxg5 Bxg5 25. Rad1 Rd5 26. Rd4 Rxd4 27. Bxd4 Rd8 28. Bc3 Kg6 29. Ne3 1/2-1/2

[Event "Nova Gorica op 21st"]
[Site "Nova Gorica"]
[Date "2016.01.29"]
[Round "1"]
[White "Petrovic, Marko"]
[Black "Manca, Federico"]
[Result "0-1"]
[WhiteElo "1914"]
[BlackElo "2402"]
[PlyCount "62"]
[EventDate "2016.01.29"]
[EventType "swiss"]
[EventRounds "9"]
[EventCountry "SLO"]
[SourceTitle "CBM 170 Extra"]
[Source "ChessBase"]
[SourceDate "2016.02.25"]
[SourceVersion "1"]
[SourceVersionDate "2016.02.25"]
[SourceQuality "1"]

1. d4 Nf6 2. Nf3 e6 3. Bg5 c5 4. Nbd2 cxd4 5. Nxd4 Be7 6. e3 0-0 7. Bd3 d6 8. Bxf6 Bxf6 9. Ne4 Be7 10. g4 d5 11. Ng3 Nc6 12. Nxc6 bxc6 13. f4 e5 14. 0-0 Qb6 15. fxe5 Qxe3+ 16. Kg2 Qxe5 17. Qf3 Qg5 18. h3 g6 19. Rae1 Bd6 20. Qe3 Qxe3 21. Rxe3 Be6 22. c3 c5 23. b3 c4 24. Bc2 Rfc8 25. Ne2 cxb3 26. axb3 Bc5 27. Rg3 Bb6 28. Rd1 Rc6 29. Nd4 Bxd4 30. Rxd4 Rac8 31. Rdd3 Rd6 0-1

[Event "Padova op 18th"]
[Site "Padova"]
[Date "2015.12.18"]
[Round "7"]
[White "Rossi, Carlo"]
[Black "Manca, Federico"]
[Result "1/2-1/2"]
[WhiteElo "2284"]
[BlackElo "2409"]
[PlyCount "36"]
[EventDate "2015.12.13"]
[EventType "swiss"]
[EventRounds "9"]
[EventCountry "ITA"]
[SourceTitle "EXT 2017"]
[Source "ChessBase"]
[SourceDate "2016.10.25"]
[SourceVersion "1"]
[SourceVersionDate "2016.10.25"]
[SourceQuality "1"]

1. e4 e5 2. Nf3 Nc6 3. Bb5 a6 4. Ba4 Nf6 5. 0-0 Be7 6. Re1 b5 7. Bb3 d6 8. c3 0-0 9. h3 Na5 10. Bc2 c5 11. d4 Qc7 12. d5 Bd7 13. Nbd2 c4 14. Nf1 Nb7 15. Ng3 Nc5 16. Nh2 a5 17. f4 exf4 18. Bxf4 Qb6 1/2-1/2

[Event "Padova op-A 18th"]
[Site "Padova"]
[Date "2015.12.15"]
[Round "3.16"]
[White "Movileanu, Daniela"]
[Black "Manca, Federico"]
[Result "1/2-1/2"]
[WhiteElo "2195"]
[BlackElo "2409"]
[PlyCount "61"]
[EventDate "2015.12.13"]
[EventType "swiss"]
[EventRounds "9"]
[EventCountry "ITA"]
[SourceTitle "EXT 2024"]
[Source "ChessBase"]
[SourceDate "2023.10.10"]
[SourceVersion "1"]
[SourceVersionDate "2023.10.10"]
[SourceQuality "1"]

1. e4 c6 2. d4 d5 3. Nd2 dxe4 4. Nxe4 Nf6 5. Nxf6+ gxf6 6. c3 Bf5 7. Nf3 Nd7 8. g3 e6 9. Bg2 Be4 10. 0-0 Qc7 11. Re1 Bd5 12. Qe2 Nb6 13. b3 0-0-0 14. c4 Bxf3 15. Qxf3 Bg7 16. Be3 Kb8 17. Rac1 Ka8 18. a4 a5 19. d5 Rc8 20. dxe6 fxe6 21. Bd2 Nd7 22. Rxe6 Bf8 23. Rce1 Bc5 24. Bh3 Rcd8 25. Be3 Qb6 26. Bxc5 Nxc5 27. R6e3 Rhf8 28. Bf5 h6 29. Qf4 h5 30. h4 Ka7 31. Qh6 1/2-1/2

[Event "Padova op 18th"]
[Site "Padova"]
[Date "2015.12.14"]
[Round "2"]
[White "Manca, Federico"]
[Black "David, Alberto"]
[Result "0-1"]
[WhiteElo "2409"]
[BlackElo "2585"]
[PlyCount "78"]
[EventDate "2015.12.13"]
[EventType "swiss"]
[EventRounds "9"]
[EventCountry "ITA"]
[SourceTitle "EXT 2017"]
[Source "ChessBase"]
[SourceDate "2016.10.25"]
[SourceVersion "1"]
[SourceVersionDate "2016.10.25"]
[SourceQuality "1"]

1. e4 c5 2. c3 d5 3. exd5 Qxd5 4. d4 Nf6 5. Nf3 e6 6. Be3 cxd4 7. cxd4 Be7 8. Nc3 Qd8 9. Bd3 0-0 10. 0-0 b6 11. Qe2 Bb7 12. Rad1 Nd5 13. Bc1 Nd7 14. Rfe1 Rc8 15. Ne4 Qc7 16. Neg5 Bxg5 17. Bxg5 h6 18. Bd2 Nf4 19. Bxf4 Qxf4 20. Qe3 Qg4 21. h3 Qh5 22. Be4 Bxe4 23. Qxe4 Qa5 24. a3 Qb5 25. Qb7 Nf6 26. Qxa7 Nd5 27. Rc1 Ra8 28. a4 Qxb2 29. Qd7 Qb4 30. Ra1 Rfd8 31. Qb7 Rxa4 32. Ne5 Rf8 33. Nc6 Rxa1 34. Rxa1 Qc3 35. Ra8 Rxa8 36. Qxa8+ Kh7 37. g3 Qe1+ 38. Kg2 Qe4+ 39. Kg1 Ne7 0-1